| 000 | 00834nam a2200253 i 4500 | ||
|---|---|---|---|
| 001 | 169859 | ||
| 003 | ES-MaACL | ||
| 005 | 20250909225701.0 | ||
| 008 | 081209s1985 sp |||| | spa d | ||
| 017 | _aM 37.868-1985 | ||
| 020 | _a84-239-5384-X | ||
| 080 | _a78 Usandizaga, José María | ||
| 080 | _a929 Usandizaga, José María | ||
| 100 | 1 |
_aMontero Alonso, José, _d1904-2000 _982506 |
|
| 245 | 1 | 0 |
_aUsandizaga / _cJosé Montero Alonso. |
| 260 |
_aMadrid : _bEspasa-Calpe, _c1985. |
||
| 300 |
_a143 p. : _bil. ; _c18 cm. |
||
| 490 | 1 | _aClásicos de la música | |
| 500 | _aÍndices. | ||
| 600 | 1 | 7 |
_aUsandizaga, José María, _d1887-1915 _2 _9139050 |
| 830 | 0 |
_aClásicos de la música _9181484 |
|
| 852 | 4 |
_aES-MaACL _jE-12366 _9R.190497 _z- Biblioteca Jacinto Martínez Lacalle |
|
| 999 |
_c169859 _d169859 |
||